000
00313nam a22001337a 4500
041
_a
Urdu
082
_a
297 PIC
100
_a
Pikthal Mohammad Marmadeok
245
_a
Islami Saqafat aur Daure Jadeed
260
_a
New Delhi
_b
Areeb Publication
_c
2011
300
_a
208
650
_a
Islam - Culture
942
_c
BK
999
_c
21034
_d
21034